000 00537nam a2200157 a 4500
001 000039562
005 20210615115148.0
008 130708s2017 dr a 000 0 spa d
020 _a9789945167825
040 _aDO-SdBNP
_bspa
_cBNPHU
100 1 _aPichardo Muñiz, Arlette,
_d1957-
_94580
245 1 0 _aÁbreme la puerta :
_bcasa de aprendencia de la política social y otras políticas /
_cArlette Pichardo Muñiz.
260 _aSanto Domingo :, :
_bBúho,
_c2017.
300 _a120 p. :
_bil ;
_c23 cm.
590 _aInventariado, 2020 / DG
999 _c39052
_d39052